[Event "South Island Championships 2023"]
[Site "Oamaru, New Zealand"]
[Date "????.??.??"]
[Round "4.9"]
[White "Tao, Junqing Jerome"]
[Black "Kerr, Atlas"]
[Result "0-1"]
[TimeControl "90 + 30"]
[WhiteFideId "4313895"]
[BlackFideId "4319486"]
[WhiteElo "1634"]
[BlackElo "1853"]

1. e4 {[%clk 01:30:59]} g6 {[%clk 01:30:05]} {[%emt 00:00:56]} 2. d4 {[%clk
01:31:24]} {[%emt 00:00:05]} Bg7 {[%clk 01:30:23]} {[%emt 00:00:11]} 3. Nf3
{[%clk 01:31:48]} {[%emt 00:00:06]} d6 {[%clk 01:30:12]} {[%emt 00:00:42]} 4.
Bc4 {[%clk 01:32:06]} {[%emt 00:00:11]} Nf6 {[%clk 01:28:56]} {[%emt 00:01:47]}
5. Nc3 {[%clk 01:32:27]} {[%emt 00:00:08]} O-O {[%clk 01:28:07]} {[%emt
00:01:19]} 6. h3 {[%clk 01:32:53]} {[%emt 00:00:04]} Nbd7 {[%clk 01:25:50]}
{[%emt 00:02:48]} 7. O-O {[%clk 01:33:10]} {[%emt 00:00:13]} c5 {[%clk
01:25:02]} {[%emt 00:01:17]} 8. Be3 {[%clk 01:33:02]} {[%emt 00:00:37]} Nb6
{[%clk 01:20:40]} {[%emt 00:04:53]} 9. Bb3 {[%clk 01:33:24]} {[%emt 00:00:09]}
c4 {[%clk 01:20:55]} {[%emt 00:00:15]} 10. d5 {[%clk 01:33:30]} {[%emt
00:00:23]} cxb3 {[%clk 01:21:06]} {[%emt 00:00:19]} 11. axb3 {[%clk 01:33:56]}
{[%emt 00:00:05]} e6 {[%clk 01:15:25]} {[%emt 00:06:10]} 12. dxe6 {[%clk
01:33:54]} {[%emt 00:00:32]} Bxe6 {[%clk 01:15:36]} {[%emt 00:00:20]} 13. e5
{[%clk 01:33:49]} {[%emt 00:00:35]} Nfd5 {[%clk 01:10:52]} {[%emt 00:05:14]} 14.
Bxb6 {[%clk 01:33:42]} {[%emt 00:00:36]} Nxb6 {[%clk 01:11:03]} {[%emt
00:00:19]} 15. exd6 {[%clk 01:34:07]} {[%emt 00:00:06]} a6 {[%clk 01:10:05]}
{[%emt 00:01:29]} 16. Qd2 {[%clk 01:34:12]} {[%emt 00:00:24]} Qd7 {[%clk
01:04:31]} {[%emt 00:06:04]} 17. Rad1 {[%clk 01:34:17]} {[%emt 00:00:23]} Rfd8
{[%clk 00:59:09]} {[%emt 00:05:54]} 18. Rfe1 {[%clk 01:34:10]} {[%emt
00:00:37]} Rac8 {[%clk 00:49:28]} {[%emt 00:10:11]} 19. Ng5 {[%clk 01:33:55]}
{[%emt 00:00:44]} Rc6 {[%clk 00:46:29]} {[%emt 00:03:30]} 20. Nxe6 {[%clk
01:33:45]} {[%emt 00:00:40]} fxe6 {[%clk 00:46:53]} {[%emt 00:00:05]} 21. Qe3
{[%clk 01:33:55]} {[%emt 00:00:20]} e5 {[%clk 00:44:41]} {[%emt 00:02:42]} 22.
Ne4 {[%clk 01:34:07]} {[%emt 00:00:18]} Qf7 {[%clk 00:39:37]} {[%emt 00:05:34]}
23. Qg5 {[%clk 01:32:43]} {[%emt 00:01:54]} Rd7 {[%clk 00:37:01]} {[%emt
00:03:07]} 24. c4 {[%clk 01:32:26]} {[%emt 00:00:47]} Nc8 {[%clk 00:35:48]}
{[%emt 00:01:43]} 25. Qh4 {[%clk 01:32:14]} {[%emt 00:00:40]} h6 {[%clk
00:35:34]} {[%emt 00:00:46]} 26. c5 {[%clk 01:31:56]} {[%emt 00:00:47]} Na7
{[%clk 00:29:38]} {[%emt 00:06:26]} 27. Rd3 {[%clk 01:32:13]} {[%emt 00:00:13]}
g5 {[%clk 00:28:53]} {[%emt 00:01:15]} 28. Qg4 {[%clk 01:32:28]} {[%emt
00:00:15]} Rd8 {[%clk 00:28:24]} {[%emt 00:01:00]} 29. Rf3 {[%clk 01:32:37]}
{[%emt 00:00:20]} Qg6 {[%clk 00:27:37]} {[%emt 00:01:16]} 30. h4 {[%clk
01:31:44]} {[%emt 00:01:25]} Nb5 {[%clk 00:26:15]} {[%emt 00:01:52]} 31. hxg5
{[%clk 01:30:14]} {[%emt 00:01:59]} h5 {[%clk 00:26:00]} {[%emt 00:00:45]} 32.
Qg3 {[%clk 01:28:54]} {[%emt 00:01:50]} Nd4 {[%emt 00:00:33]} 33. Rd3 {[%clk
01:28:08]} {[%emt 00:01:14]} Rf8 {[%clk 00:21:45]} {[%emt 00:04:44]} 34. Nf6+
{[%clk 01:27:39]} {[%emt 00:00:59]} Bxf6 {[%clk 00:20:37]} {[%emt 00:01:38]} 35.
gxf6 {[%clk 01:28:00]} {[%emt 00:00:09]} Qxg3 {[%clk 00:20:50]} {[%emt
00:00:17]} 36. Rxg3+ {[%clk 01:28:26]} {[%emt 00:00:04]} Kf7 {[%clk 00:21:07]}
{[%emt 00:00:14]} 37. Rxe5 {[%clk 01:28:44]} {[%emt 00:00:11]} Kxf6 {[%emt
00:00:51]} 38. Rd5 {[%clk 01:29:12]} Ne2+ {[%emt 00:00:23]} 39. Kh2 {[%clk
01:29:39]} {[%emt 00:00:02]} Nxg3 {[%clk 00:21:15]} {[%emt 00:00:11]} 40. Kxg3
{[%clk 01:30:06]} {[%emt 00:00:02]} Rh8 {[%clk 00:15:29]} {[%emt 00:06:16]} 41.
b4 {[%clk 01:29:46]} {[%emt 00:00:51]} Ke6 {[%clk 00:13:17]} {[%emt 00:02:42]}
42. Rg5 {[%clk 01:30:06]} {[%emt 00:00:09]} Rcc8 {[%clk 00:13:39]} {[%emt
00:00:08]} 43. Rg7 {[%clk 01:30:07]} {[%emt 00:00:28]} Rcg8 {[%clk 00:13:34]}
{[%emt 00:00:36]} 44. Rxg8 {[%clk 01:30:25]} {[%emt 00:00:12]} Rxg8+ {[%clk
00:13:58]} {[%emt 00:00:07]} 45. Kf3 {[%clk 01:30:52]} {[%emt 00:00:03]} Rg4
{[%clk 00:14:17]} {[%emt 00:00:10]} 46. b3 {[%clk 01:31:03]} {[%emt 00:00:19]}
Rxb4 {[%clk 00:14:42]} {[%emt 00:00:06]} 47. Kg3 {[%clk 01:31:32]} Rxb3+ {[%clk
00:14:38]} {[%emt 00:00:33]} 48. Kh4 {[%clk 01:31:58]} {[%emt 00:00:04]} a5
{[%clk 00:15:00]} {[%emt 00:00:08]} 49. Kxh5 {[%clk 01:32:24]} {[%emt
00:00:03]} a4 {[%clk 00:14:34]} {[%emt 00:00:57]} 50. g4 {[%clk 01:32:51]}
{[%emt 00:00:03]} a3 {[%clk 00:14:36]} {[%emt 00:00:28]} 51. g5 {[%clk
01:33:18]} {[%emt 00:00:03]} a2 {[%clk 00:14:54]} {[%emt 00:00:12]} 52. g6
{[%clk 01:33:45]} {[%emt 00:00:03]} a1=Q {[%emt 00:00:11]} 53. f4 {[%clk
01:34:08]} {[%emt 00:00:05]} Qh8+ {[%clk 00:15:30]} {[%emt 00:00:15]} 54. Kg4
{[%clk 01:34:33]} {[%emt 00:00:05]} Qh3+ {[%clk 00:15:51]} {[%emt 00:00:09]} 55.
Kg5 {[%clk 01:34:59]} {[%emt 00:00:04]} Rg3+ {[%clk 00:16:16]} {[%emt
00:00:06]} 0-1

[Event "South Island Championships 2023"]
[Site "Oamaru, New Zealand"]
[Date "????.??.??"]
[Round "4.6"]
[White "Mayrhuber, Nikola"]
[Black "Mischke, Andreas"]
[Result "0-1"]
[TimeControl "90 + 30"]
[WhiteFideId "1637819"]
[BlackFideId "34649840"]
[WhiteElo "2059"]
[BlackElo "1680"]

1. d4 {[%clk 01:30:49]} {[%emt 00:00:10]} d5 {[%clk 01:30:52]} {[%emt
00:00:08]} 2. c4 {[%clk 01:31:14]} {[%emt 00:00:05]} e6 {[%clk 01:31:00]}
{[%emt 00:00:23]} 3. Nc3 {[%clk 01:31:39]} {[%emt 00:00:05]} c6 {[%clk
01:31:23]} {[%emt 00:00:07]} 4. g3 {[%clk 01:30:15]} {[%emt 00:01:54]} Nf6
{[%clk 01:29:22]} {[%emt 00:02:30]} 5. Bg2 {[%clk 01:30:40]} {[%emt 00:00:05]}
dxc4 {[%clk 01:28:37]} {[%emt 00:01:15]} 6. Nf3 {[%clk 01:30:48]} {[%emt
00:00:22]} Be7 {[%clk 01:26:42]} {[%emt 00:02:25]} 7. Ne5 {[%clk 01:30:25]}
{[%emt 00:00:54]} c5 {[%clk 01:24:57]} {[%emt 00:02:15]} 8. Qa4+ {[%clk
01:24:08]} {[%emt 00:06:47]} Nbd7 {[%clk 01:24:01]} {[%emt 00:01:26]} 9. dxc5
{[%clk 01:23:30]} {[%emt 00:01:08]} Bxc5 {[%clk 01:19:51]} {[%emt 00:04:40]} 10.
Nxc4 {[%clk 01:23:00]} {[%emt 00:00:59]} O-O {[%clk 01:18:42]} {[%emt
00:01:38]} 11. O-O {[%clk 01:23:06]} {[%emt 00:00:25]} Nb6 {[%clk 01:13:54]}
{[%emt 00:05:19]} 12. Qb5 {[%clk 01:19:35]} {[%emt 00:04:01]} Qc7 {[%clk
01:07:50]} {[%emt 00:06:33]} 13. Nxb6 {[%clk 01:08:04]} {[%emt 00:12:01]} axb6
{[%clk 00:49:29]} {[%emt 00:18:51]} 14. Bg5 {[%clk 01:01:31]} {[%emt 00:07:03]}
Ra5 {[%clk 00:47:21]} {[%emt 00:02:38]} 15. Qd3 {[%clk 00:48:38]} {[%emt
00:13:23]} Bxf2+ {[%clk 00:46:49]} {[%emt 00:01:02]} 16. Rxf2 {[%clk 00:49:02]}
{[%emt 00:00:06]} Rxg5 {[%clk 00:47:13]} {[%emt 00:00:07]} 17. Ne4 {[%clk
00:45:55]} {[%emt 00:03:37]} Nxe4 {[%clk 00:44:35]} {[%emt 00:03:07]} 18. Bxe4
{[%clk 00:46:18]} {[%emt 00:00:06]} h5 {[%clk 00:40:49]} {[%emt 00:04:17]} 19.
Raf1 {[%clk 00:42:44]} {[%emt 00:04:05]} h4 {[%clk 00:33:47]} {[%emt 00:07:32]}
20. Kg2 {[%clk 00:38:42]} {[%emt 00:04:32]} f5 {[%clk 00:31:13]} {[%emt
00:03:03]} 21. Qb3 {[%clk 00:24:43]} {[%emt 00:14:29]} Qe5 {[%clk 00:25:26]}
{[%emt 00:06:17]} 22. Rf4 {[%clk 00:23:15]} {[%emt 00:01:58]} hxg3 {[%clk
00:25:01]} {[%emt 00:00:56]} 23. hxg3 {[%clk 00:23:32]} {[%emt 00:00:12]} Rf6
{[%clk 00:16:47]} {[%emt 00:08:43]} 24. Qc4 {[%clk 00:11:59]} {[%emt 00:12:05]}
Bd7 {[%clk 00:15:06]} {[%emt 00:02:10]} 25. Bxb7 {[%clk 00:11:54]} {[%emt
00:00:35]} Bb5 {[%clk 00:09:05]} {[%emt 00:06:31]} 26. Qc8+ {[%clk 00:10:36]}
{[%emt 00:01:48]} Kf7 {[%clk 00:09:14]} {[%emt 00:00:22]} 27. Bf3 {[%clk
00:09:41]} {[%emt 00:01:25]} Rfg6 {[%clk 00:07:38]} {[%emt 00:02:06]} 28. Bc6
{[%clk 00:01:22]} {[%emt 00:08:48]} Rxg3+ {[%clk 00:06:15]} {[%emt 00:01:53]}
29. Kh2 {[%clk 00:01:28]} {[%emt 00:00:24]} Qxe2+ {[%clk 00:06:31]} {[%emt
00:00:14]} 30. R1f2 {[%clk 00:01:33]} {[%emt 00:00:26]} Qh5+ {[%clk 00:06:44]}
{[%emt 00:00:15]} 31. Rh4 {[%clk 00:02:01]} {[%emt 00:00:03]} Qxh4# {[%clk
00:06:34]} {[%emt 00:00:08]} 0-1

[Event "South Island Championships 2023"]
[Site "Oamaru, New Zealand"]
[Date "????.??.??"]
[Round "4.2"]
[White "Lukey, Stephen G"]
[Black "Liu, William Rui"]
[Result "1-0"]
[TimeControl "90 + 30"]
[WhiteFideId "4300386"]
[BlackFideId "4313593"]
[WhiteElo "2307"]
[BlackElo "2094"]

1. d4 {[%clk 01:30:19]} {[%emt 00:00:41]} Nf6 {[%clk 01:30:51]} {[%emt
00:00:10]} 2. c4 {[%clk 01:30:41]} {[%emt 00:00:08]} e6 {[%clk 01:31:14]}
{[%emt 00:00:07]} 3. Nf3 {[%clk 01:30:53]} {[%emt 00:00:17]} d5 {[%clk
01:31:29]} {[%emt 00:00:16]} 4. g3 {[%clk 01:30:53]} {[%emt 00:00:30]} Bb4+
{[%clk 01:31:40]} {[%emt 00:00:19]} 5. Bd2 {[%clk 01:31:14]} {[%emt 00:00:09]}
Be7 {[%clk 01:32:03]} {[%emt 00:00:08]} 6. Bg2 {[%clk 01:31:39]} {[%emt
00:00:04]} O-O {[%clk 01:32:18]} {[%emt 00:00:15]} 7. O-O {[%clk 01:32:02]}
{[%emt 00:00:07]} c6 {[%clk 01:32:37]} {[%emt 00:00:11]} 8. Qc2 {[%clk
01:30:42]} {[%emt 00:01:50]} Nbd7 {[%clk 01:32:16]} {[%emt 00:00:51]} 9. Rd1
{[%clk 01:30:46]} {[%emt 00:00:26]} b6 {[%clk 01:24:27]} {[%emt 00:08:19]} 10.
Ne5 {[%clk 01:22:32]} {[%emt 00:08:43]} Bb7 {[%clk 01:15:44]} {[%emt 00:09:14]}
11. Nc3 {[%clk 01:20:46]} {[%emt 00:02:15]} Rc8 {[%clk 01:13:16]} {[%emt
00:02:59]} 12. e4 {[%clk 01:18:52]} {[%emt 00:02:24]} dxe4 {[%clk 01:03:25]}
{[%emt 00:10:22]} 13. Nxe4 {[%clk 01:18:32]} {[%emt 00:00:49]} Nxe4 {[%clk
00:55:26]} {[%emt 00:08:29]} 14. Bxe4 {[%clk 01:18:20]} {[%emt 00:00:42]} Nf6
{[%clk 00:55:37]} {[%emt 00:00:19]} 15. Bg2 {[%clk 01:18:25]} {[%emt 00:00:24]}
Qc7 {[%clk 00:54:42]} {[%emt 00:01:26]} 16. Bf4 {[%clk 01:11:21]} {[%emt
00:07:33]} Bd6 {[%clk 00:49:18]} {[%emt 00:05:55]} 17. Qe2 {[%clk 01:11:41]}
{[%emt 00:00:10]} Qe7 {[%clk 00:43:47]} {[%emt 00:06:00]} 18. Rac1 {[%clk
01:08:36]} {[%emt 00:03:35]} c5 {[%clk 00:39:14]} {[%emt 00:05:04]} 19. dxc5
{[%clk 00:53:13]} {[%emt 00:15:52]} Bxc5 {[%clk 00:38:49]} {[%emt 00:00:55]} 20.
Bg5 {[%clk 00:37:49]} {[%emt 00:15:55]} Bxg2 {[%clk 00:36:48]} {[%emt
00:02:30]} 21. Kxg2 {[%clk 00:37:58]} {[%emt 00:00:21]} Rfd8 {[%clk 00:27:07]}
{[%emt 00:10:11]} 22. Qf3 {[%clk 00:31:30]} {[%emt 00:06:58]} Rxd1 {[%clk
00:21:11]} {[%emt 00:06:28]} 23. Rxd1 {[%clk 00:31:53]} {[%emt 00:00:06]} h6
{[%clk 00:21:22]} {[%emt 00:00:19]} 24. Rd7 {[%clk 00:29:53]} {[%emt 00:02:30]}
Nxd7 {[%clk 00:18:20]} {[%emt 00:03:32]} 25. Bxe7 {[%clk 00:30:17]} {[%emt
00:00:04]} Nxe5 {[%clk 00:18:46]} {[%emt 00:00:05]} 26. Qb7 {[%clk 00:30:00]}
{[%emt 00:00:47]} Re8 {[%clk 00:17:55]} {[%emt 00:01:22]} 27. Bxc5 {[%clk
00:30:19]} {[%emt 00:00:11]} bxc5 {[%clk 00:18:17]} {[%emt 00:00:08]} 28. Qxa7
{[%clk 00:29:48]} {[%emt 00:01:00]} Nxc4 {[%clk 00:18:26]} {[%emt 00:00:21]} 29.
Qxc5 {[%clk 00:29:41]} {[%emt 00:00:37]} 1-0

[Event "74th South Island Chess Championship"]
[Site "Oamaru NZL"]
[Date "2023.09.28"]
[Round "4.12"]
[White "Ha, Timothy Huy Minh"]
[Black "Black, Ross"]
[Result "1-0"]
[WhiteElo "1843"]
[BlackElo "1724"]

1. Nf3 Nc6 2. g3 Nf6 3. Bg2 e5 4. d3 Be7 5. e4 O-O 6. O-O d6 7. h3 Bd7 8. c4
Qc8 9. Kh2 Nd8 10. Nc3 c6 11. Be3 Ne6 12. d4 exd4 13. Nxd4 Nxd4 14. Bxd4 Be6
15. b3 Rd8 16. Rc1 Qc7 17. Qe2 Qa5 18. f4 Re8 19. Qf3 Qh5 20. f5 Qxf3 21. Bxf3
Bd7 22. g4 h6 23. Bf2 Bc8 24. Bg3 Nd7 25. Rcd1 Ne5 26. Kg2 b6 27. Rd2 Bb7 28.
Rfd1 Rad8 29. Bf4 f6 30. Ne2 c5 31. Bg3 Bf8 32. Nc3 a6 33. Kf2 Bc6 34. Bg2 b5
35. cxb5 axb5 36. Ne2 Ra8 37. Nf4 Ra3 38. Rc1 Rea8 39. Rcc2 c4 40. Ne6 cxb3 41.
axb3 Rc8 42. Bxe5 dxe5 43. Nxf8 Kxf8 44. Rd6 Ra6 45. Bf1 Bb7 46. Rxc8+ Bxc8 
47. Rd8+ 1-0

[Event "74th South Island Chess Championship"]
[Site "Oamaru NZL"]
[Date "2023.09.28"]
[Round "4.13"]
[White "Bell, Daniel"]
[Black "Williams, Matt"]
[Result "0-1"]
[WhiteElo "1565"]
[BlackElo "1828"]

1. d4 Nf6 2. Bf4 c5 3. e3 Qb6 4. Nc3 d6 5. Rb1 g6 6. Nf3 Bg7 7. Bc4 O-O 8. O-O
cxd4 9. exd4 Qc7 10. Bb3 b6 11. Nd5 Nxd5 12. Bxd5 Nc6 13. c3 Bb7 14. a3 Rad8
15. Ba2 e5 16. Bg5 Rde8 17. d5 Ne7 18. c4 h6 19. Bd2 e4 20. Ne1 Qc8 21. Nc2 f5
22. Bf4 Qd7 23. Nd4 g5 24. Bc1 Ng6 25. b4 f4 26. f3 Bxd4+ 27. Qxd4 exf3 28.
Rxf3 Re1+ 29. Rf1 Rxf1+ 30. Kxf1 f3 31. Bb2 Ne5 32. Re1 Bc8 33. Qe3 Qg4 34. Qd2
fxg2+ 35. Kg1 Nf3+ 0-1

[Event "74th South Island Chess Championship"]
[Site "Oamaru NZL"]
[Date "2023.09.28"]
[Round "4.14"]
[White "Koentges, Thomas"]
[Black "Holdo, Karl"]
[Result "0-1"]
[WhiteElo "1773"]
[BlackElo "1551"]

1. b3 Nf6 2. Bb2 g6 3. e4 Bg7 4. f3 c6 5. c4 d5 6. e5 Nfd7 7. d4 O-O 8. Bd3
dxc4 9. bxc4 c5 10. f4 cxd4 11. Nf3 Nc6 12. Nbd2 Nc5 13. Nb3 Nxd3+ 14. Qxd3 Bf5
15. Qd2 d3 16. O-O Qb6+ 17. c5 Qb5 18. Rac1 Rad8 19. Nbd4 Nxd4 20. Nxd4 Qd7 21.
c6 bxc6 22. Rxc6 Be4 23. Ra6 Qb7 24. Ra3 Rc8 25. Re1 f5 26. Rb3 Qd7 27. Re3 g5
28. g3 g4 29. Rexd3 Bxd3 30. Qxd3 Qd5 31. Qb5 Qc4 32. Qxc4+ Rxc4 33. Rb7 Rd8
34. Nxf5 Rc2 35. Ne3 Re2 36. Rb3 Rdd2 37. Ba3 Re1+ 38. Nf1 Rdd1 39. Bxe7 Rxf1+
40. Kg2 Rg1+ 41. Kf2 Rdf1+ 42. Ke2 Re1+ 43. Kf2 Rb1 44. Ra3 Rbf1+ 45. Ke2 Bf8
46. Bxf8 Kxf8 47. Rxa7 Rf3 48. Rxh7 Rg2+ 49. Ke1 Ra3 50. Rh8+ Kg7 51. Rd8 Raxa2
52. Kf1 Rgd2 53. Rxd2 Rxd2 54. Kg1 Kg6 55. Kh1 Kf5 56. Kg1 Ke4 57. e6 Kf3 58.
h4 Kxg3 59. Kf1 Kf3 60. Ke1 Re2+ 0-1

[Event "74th South Island Chess Championship"]
[Site "Oamaru NZL"]
[Date "2023.09.28"]
[Round "4.15"]
[White "Ashe, Michael"]
[Black "Fairley, Natasha"]
[Result "1/2-1/2"]
[WhiteElo "1707"]
[BlackElo "1771"]

1. d4 d5 2. c4 c6 3. Nc3 Nf6 4. e3 Nbd7 5. Qc2 dxc4 6. Bxc4 Nb6 7. Bd3 g6 8.
Nf3 Nfd5 9. O-O Nb4 10. Qd2 Nxd3 11. Qxd3 Bg7 12. h3 O-O 13. Rd1 Qc7 14. b4 a6
15. Bb2 Nd5 16. a3 e6 17. Rac1 Rd8 18. Qe2 Qe7 19. Na4 Bd7 20. Nc5 Rab8 21. Qd2
f5 22. Nd3 Be8 23. Nfe5 Bxe5 24. Nxe5 Nf6 25. f3 Nd7 26. Nd3 Nf6 27. Qc3 Nd5
28. Qe1 Nf6 29. Ne5 Nd7 30. Nxd7 Rxd7 31. Qc3 Qg7 32. Qb3 Bf7 33. Qc2 Qh6 34.
Qf2 Rbd8 35. Rc5 Qf8 36. Rdc1 Qe7 37. Qg3 Qd6 38. Re5 Qb8 39. Qg5 Rd5 40. Qh6
Rxe5 41. dxe5 Rd3 42. Rc4 Qf8 43. Qf4 Qd8 44. Rd4 Rxd4 1/2-1/2

[Event "74th South Island Chess Championship"]
[Site "Oamaru NZL"]
[Date "2023.09.28"]
[Round "4.16"]
[White "Moshakova, Elena"]
[Black "Malcolm, Leo"]
[Result "0-1"]
[WhiteElo "1546"]
[BlackElo "1876"]

1. e4 e5 2. Nf3 Nc6 3. Bc4 f5 4. d3 Bc5 5. c3 fxe4 6. dxe4 Nf6 7. Bg5 Bxf2+ 8.
Kf1 Bb6 9. Nbd2 d6 10. h3 Na5 11. Qe2 Nxc4 12. Qxc4 Qe7 13. Qd3 a6 14. Rd1 O-O
15. Nc4 Ba7 16. Ne3 Be6 17. Nd5 Bxd5 18. Bxf6 Qxf6 19. Qxd5+ Qf7 20. Ke2 Qxd5
21. exd5 e4 22. Nd4 Rf6 23. Rhf1 Raf8 24. Rxf6 Rxf6 25. Ke3 Rf7 26. Rd2 Re7 27.
h4 Re5 28. c4 c6 29. dxc6 bxc6 30. Ke2 Bxd4 31. Rxd4 d5 32. Ke3 Kf7 33. c5 Re7
34. Rb4 Ke6 35. Rb6 Ke5 36. Rxc6 d4+ 37. Ke2 Rb7 38. b3 d3+ 39. Ke3 Rd7 40. Kd2
e3+ 0-1

[Event "74th South Island Chess Championship"]
[Site "Oamaru NZL"]
[Date "2023.09.28"]
[Round "4.17"]
[White "McLean, Gary"]
[Black "Anikonov, Artem"]
[Result "0-1"]
[WhiteElo "1449"]
[BlackElo "1721"]

1. d3 d5 2. Nf3 Nf6 3. Nbd2 b6 4. c3 Bb7 5. Qc2 Nc6 6. e4 dxe4 7. dxe4 e5 8.
Be2 Bd6 9. Nc4 O-O 10. Bg5 Qe7 11. Ne3 Nb8 12. Bd3 Nbd7 13. Nf5 Qe6 14. Bxf6
Qxf6 15. b4 a5 16. a3 axb4 17. cxb4 Bxb4+ 18. Ke2 Bd6 19. Nxd6 Qxd6 20. Qc3 Nc5
21. Rhd1 Nxd3 22. Nxe5 Qxe5 23. Rxd3 Qxc3 24. Rxc3 Bxe4 25. Kf1 c6 26. f3 Bd5
27. a4 Ra5 0-1

[Event "74th South Island Chess Championship"]
[Site "Oamaru NZL"]
[Date "2023.09.28"]
[Round "4.18"]
[White "McConnell, Jack"]
[Black "Barry, Jacob"]
[Result "1-0"]
[WhiteElo "1640"]
[BlackElo "1565"]

1. e4 e5 2. Nf3 Nc6 3. Bc4 d6 4. d4 exd4 5. Nxd4 Ne5 6. Bb3 Nf6 7. Nc3 Bd7 8.
h3 c5 9. Nf3 Nxf3+ 10. Qxf3 Bc6 11. O-O Qe7 12. Bg5 h6 13. Bxf6 Qxf6 14. Qxf6
gxf6 15. Bd5 Rg8 16. Nd1 Bxd5 17. exd5 O-O-O 18. c4 Re8 19. Nc3 a6 20. Rfe1 Bg7
21. Ne4 Kc7 22. Ng3 Re5 23. f4 Ree8 24. Nf5 Rxe1+ 25. Rxe1 Bf8 26. Re8 Kd7 27.
Rb8 Kc7 28. Re8 Kd7 29. Ra8 Rh8 30. g4 h5 31. Kg2 hxg4 32. hxg4 Bg7 33. Rxh8
Bxh8 34. Kf3 b5 35. b3 b4 36. Ke4 Kc7 37. Kf3 Kd7 38. Kg3 1-0

[Event "74th South Island Chess Championship"]
[Site "Oamaru NZL"]
[Date "2023.09.28"]
[Round "4.19"]
[White "Wilson, Dion A"]
[Black "Liu, Richard Jingjie"]
[Result "*"]
[WhiteElo "1611"]
[BlackElo "1528"]

1. e4 e5 2. Nf3 Nc6 3. Bc4 Bc5 4. d3 h6 5. Be3 Bb6 6. Bxb6 axb6 7. c3 Nf6 8.
Nbd2 d5 9. exd5 Nxd5 10. O-O O-O 11. Ne4 Bg4 12. h3 Bh5 13. Re1 Nf6 14. Ng3
Bxf3 15. Qxf3 Re8 16. Ne4 Rc8 17. Nxf6+ Qxf6 18. Qxf6 gxf6 19. Bb5 Rcd8 20. Re3
Re7 21. Rae1 Kf8 22. Rf3 Rd6 23. Re4 Na7 24. Ba4 b5 25. Bc2 c5 26. Rh4 f5 27.
Rxf5 Nc6 28. Re4 b4 29. Kf1 b5 30. f4 f6 31. fxe5 Nxe5 32. cxb4 cxb4 33. Rxb4
Rc6 34. Rf2 Nxd3 35. Bxd3 Rc1# *

[Event "74th South Island Chess Championship"]
[Site "Oamaru NZL"]
[Date "2023.09.28"]
[Round "4.20"]
[White "Coleman, Samantha"]
[Black "Loos, Rick"]
[Result "1/2-1/2"]
[WhiteElo "1305"]
[BlackElo "1602"]

1. e4 c6 2. Nf3 d5 3. e5 h6 4. d4 Bf5 5. c4 e6 6. a3 Nd7 7. Nc3 dxc4 8. Bxc4
Nb6 9. Ba2 Ne7 10. a4 Ned5 11. Nxd5 Nxd5 12. O-O Be7 13. Qb3 Qd7 14. Bd2 g5 15.
Bc3 g4 16. Nd2 Nf4 17. Nc4 Be4 18. Rfe1 Bd5 19. Qd1 Bxg2 20. Qxg4 Bh3 21. Qxf4
Rg8+ 22. Kh1 Bg2+ 23. Kg1 Bh3+ 24. Kh1 Bg2+ 1/2-1/2

[Event "74th South Island Chess Championship"]
[Site "Oamaru NZL"]
[Date "2023.09.28"]
[Round "4.22"]
[White "Van Der Krogt, Adrian"]
[Black "Rowe, Abigail"]
[Result "1/2-1/2"]
[WhiteElo "1707"]
[BlackElo "1412"]

1. e4 c5 2. c4 a6 3. Nc3 Nc6 4. b3 e6 5. Bb2 Nge7 6. f4 d5 7. exd5 exd5 8. cxd5
Nxd5 9. Qf3 Ndb4 10. Qe4+ Qe7 11. Qxe7+ Bxe7 12. O-O-O Bf5 13. a3 Nd3+ 14. Bxd3
Bxd3 15. Nd5 Rd8 16. Bxg7 Rxd5 17. Bxh8 f6 18. Nh3 c4 19. Kb2 cxb3 20. Nf2 Bc2
21. Ng4 Bxd1 22. Rxd1 Kf7 23. Kxb3 Rd3+ 24. Kc4 Rxa3 25. d4 Ra4+ 26. Kd5 h5 27.
Ne3 Nb4+ 28. Ke4 Kg8 29. Bxf6 Bxf6 30. Kf5 Kf7 31. d5 Ra3 32. Nc4 Rd3 33. Rxd3
Nxd3 34. Nd6+ Ke7 35. Nxb7 Nb4 36. d6+ Kf7 37. h3 Nc6 38. g4 hxg4 39. hxg4 Nd4+
40. Ke4 Ne6 1/2-1/2

[Event "74th South Island Chess Championship"]
[Site "Oamaru NZL"]
[Date "2023.09.28"]
[Round "4.23"]
[White "Repia-King, Ian"]
[Black "Keeling, Roy L"]
[Result "0-1"]
[WhiteElo "1270"]
[BlackElo "1540"]

1. d4 d5 2. Nf3 Nf6 3. Bf4 Nbd7 4. e3 c6 5. c4 e6 6. c5 b6 7. Qa4 b5 8. Qc2 Be7
9. Bd3 Nf8 10. h3 Ng6 11. Bxg6 hxg6 12. O-O O-O 13. a4 Ne4 14. Ne5 Bb7 15. Qb3
a6 16. a5 Bg5 17. Bh2 Bh4 18. f3 Ng3 19. Bxg3 Bxg3 20. e4 Bxe5 21. dxe5 Qe7 22.
exd5 Qxc5+ 23. Kh1 Qxd5 24. Qxd5 cxd5 25. f4 g5 26. g3 gxf4 27. gxf4 Rac8 28.
Kh2 Rc2+ 29. Kg3 Rxb2 30. Na3 d4 31. Rfd1 Rb3+ 32. Kg4 Bf3+ 0-1

[Event "74th South Island Chess Championship"]
[Site "Oamaru NZL"]
[Date "2023.09.28"]
[Round "4.25"]
[White "Gudoy, Paul"]
[Black "Blair, Rowan"]
[Result "1-0"]
[WhiteElo "1382"]
[BlackElo "1436"]

1. d4 d5 2. Bf4 Bf5 3. e3 e6 4. Bd3 c6 5. Nd2 Bd6 6. Bxd6 Qxd6 7. Bxf5 exf5 8.
c3 Nf6 9. f4 O-O 10. Ngf3 Nbd7 11. Ne5 Rfe8 12. O-O Nb6 13. Qc2 Ne4 14. Rfe1
Nc4 15. Nexc4 dxc4 16. Nxc4 Qd5 17. Nd2 Re7 18. b3 Rae8 19. Nxe4 Qxe4 20. Qxe4
Rxe4 21. Kf2 h6 22. g3 g6 23. h4 h5 24. a4 a6 25. a5 f6 26. b4 Kg7 27. Re2 Kh6
28. c4 Rg8 29. Rb1 g5 30. Rh1 gxh4 31. Rxh4 Rg4 32. c5 Rg8 33. Kf3 Re6 34. Reh2
Rge8 35. Rxh5+ Kg6 36. Rh6+ Kg7 37. Rh7+ Kg6 38. R2h6# 1-0

[ePGN "0.1;DGT LiveChess/2.2.5"]